| 000 | 00673cab a2200241 4500 | ||
|---|---|---|---|
| 001 | WB2610-06 | ||
| 008 | 090401t1990 xxu||||| |||| 00| 0 eng d | ||
| 035 | _a(Sirsi) u3337 | ||
| 041 | _aeng | ||
| 245 | _aForeign investment diversifies | ||
| 260 | _c1990 | ||
| 350 | _a0 | ||
| 490 |
_aFinancial Times _v2/3/90 p16(2) |
||
| 520 | _aReports on the break away from traditional bilateral investment in commercial property to deals involving several countries. | ||
| 650 | _aFOREIGN | ||
| 650 | _aFUNDING | ||
| 650 | _aINTERNATIONAL | ||
| 650 | _aINWARD | ||
| 650 | _aSINGLE MARKET | ||
| 690 | _aPROPERTY-COMMERCIAL PROPERTY | ||
| 942 | _n0 | ||
| 948 | _c04/03/1997 | ||
| 999 |
_c2045 _d2045 |
||